000 00370nam a2200121 4500
999 _c11133
_d11133
008 181012b ||||| |||| 00| 0 eng d
100 _932166
_aVillanueva, Rhodina
245 _aSaving lakes and wildlife/
_cRhodina Villanueva
260 _aPhilippines
_bThe Philippine Star
_cc2018
300 _apage B6.
650 0 _932167
_aEnvironmental protection.
942 _2ddc
_cPER